000 00365nam a22001577a 4500
020 _a978-93-86531-52-0
082 _a823
_bAES/G
100 _aJOSE,JEAN
100 _aKANAKARAGHAVAN
245 _aGREEDY HORSE
_bAESOP FABLES
260 _aTHRISSUR
_bH &C PUBLISHING HOUSE
_c2017
300 _a144
520 _aAESOP FABLES
650 _aAESOP FABLES
942 _cBK
999 _c3425
_d3425